Communist and Socialist Movement in India (Record no. 14130)

MARC details
000 -LEADER
fixed length control field 00606nam a2200241 a 4500
020 ## - INTERNATIONAL STANDARD BOOK NUMBER
ISBN 8170999
082 00 - DEWEY DECIMAL CLASSIFICATION NUMBER
Classification number 335.454
Author Cutter SIN
100 ## - MAIN ENTRY--AUTHOR NAME
Author name Singh, Chandrika
245 ## - TITLE STATEMENT
Title Communist and Socialist Movement in India
260 ## - PUBLICATION, DISTRIBUTION, ETC. (IMPRINT)
Place of publication Delhi
Name of publisher Mittal Publication
Year of publication 1987
300 ## - PHYSICAL DESCRIPTION
Number of Pages 231p
500 ## - GENERAL NOTE
General note includes index and biblioraphy
505 2# - FORMATTED CONTENTS NOTE
Formatted contents note Index
650 ## - SUBJECT ADDED ENTRY--TOPICAL TERM
Topical Term Communism-India
942 ## - ADDED ENTRY ELEMENTS (KOHA)
Koha item type Books
700 1# -
-- Singh, Chandrika
Holdings
Collection code Home library Current library Date acquired Cost, normal purchase price Full call number Accession Number Koha item type
  Henry Martyn Institute Library Henry Martyn Institute Library 05/01/2007 150.00 335.454 SIN 020430 Books
                   Copyright © 2026 | Henry Martyn Institute | Hyderabad | TS-500052 | INDIA | Implemented by hmi.edu.in
Hit-Count:

Powered by Koha